[Event "FISU World University-ch 2020"]
[Site "Online"]
[Date "2020.10.26"]
[Round "3.25"]
[White "Frankental, David"]
[Black "Morante Rafael, Aritz"]
[Result "1/2-1/2"]
[WhiteElo "1938"]
[BlackElo "2161"]
[Annotator "TA"]
[PlyCount "185"]
[EventDate "2020.10.26"]
[SourceTitle "playchess.com"]
[Source "ChessBase"]
[SourceQuality "1"]

1. d4 Nf6 2. c4 c5 3. Nf3 g6 4. Nc3 cxd4 5. Nxd4 Bg7 6. g3 O-O 7. Bg2 Nc6 8. Nxc6 dxc6 9. Qxd8 Rxd8 10. O-O Be6 11. c5 Nd5 12. Nxd5 Bxd5 13. Bxd5 Rxd5 14. Be3 Rad8 15. Rab1 a5 16. b4 a4 17. b5 Bd4 18. Bxd4 Rxd4 19. bxc6 bxc6 20. Rb6 Rc8 21. Ra6 Rc4 22. Rd1 Rxc5 23. Rxa4 Rd5 24. Rc1 c5 25. Rc2 e5 26. e3 f5 27. Rac4 Kf7 28. a4 Ke6 29. Kf1 Kd6 30. Ke2 Kc6 31. Rb2 e4 32. a5 Ra8 33. Rb6+ Kc7 34. Rb5 Kd6 35. Rb6+ Kd7 36. Rb7+ Kd6 37. Ra4 c4 38. a6 c3 39. a7 Rd2+ 40. Ke1 Rb2 41. Rxb2 cxb2 42. Rb4 Rxa7 43. Rxb2 Kc5 44. Kf1 Kc4 45. Kg2 g5 46. Rd2 Kc3 47. Rd5 Rf7 48. h3 f4 49. exf4 gxf4 50. gxf4 Rxf4 51. Rd7 h5 52. Rd5 h4 53. Rg5 Kd3 54. Rg4 Rf8 55. Rxh4 Rf3 56. Rg4 Rf7 57. h4 Rf5 58. Rg3+ Kd4 59. Rg5 Rf4 60. h5 Rh4 61. Kg3 Rh1 62. Ra5 Kd3 63. Ra3+ Kd4 64. Ra5 Kd3 65. Rd5+ Ke2 66. Re5 Kd3 67. Rf5 e3 68. fxe3 Kxe3 69. Re5+ Kd4 70. Rf5 Ke3 71. Kg4 Rg1+ 72. Kh4 Ke4 73. Rf2 Ke5 74. h6 Ke6 75. Kh5 Rh1+ 76. Kg6 Rg1+ 77. Kh7 Ke7 78. Ra2 Kf7 79. Ra7+ Kf8 80. Rg7 Ra1 81. Rg2 Rf1 82. Ra2 Rg1 83. Rf2+ Ke7 84. Rf3 Ke8 85. Kh8 Ke7 86. Rf4 Rg6 87. Kh7 Rg1 88. Kh8 Rg6 89. h7 Rg1 90. Ra4 Kf7 91. Ra8 Rg2 92. Rg8 Ra2 93. Rb8 1/2-1/2

[Event "FISU World University-ch 2020"]
[Site "Online"]
[Date "2020.10.26"]
[Round "3.26"]
[White "Gasic Merino, Franco"]
[Black "Michailov, Matias"]
[Result "1/2-1/2"]
[WhiteElo "2204"]
[BlackElo "2263"]
[Annotator "TA"]
[PlyCount "174"]
[EventDate "2020.10.26"]
[SourceTitle "playchess.com"]
[Source "ChessBase"]
[SourceQuality "1"]

1. d4 Nf6 2. g3 c5 3. d5 g6 4. c4 b5 5. cxb5 a6 6. bxa6 Bxa6 7. Nf3 d6 8. Bg2 Nbd7 9. O-O Bg7 10. Nc3 Nb6 11. Ne1 O-O 12. Rb1 Nfd7 13. Nc2 Nc4 14. Ne3 Ndb6 15. Qc2 Nxe3 16. Bxe3 Nc4 17. Bc1 Qa5 18. Na4 Bb5 19. b3 Bxa4 20. bxa4 Qxa4 21. Qxa4 Rxa4 22. Rb7 Rxa2 23. Rxe7 h6 24. Re4 Rc2 25. h4 Rb8 26. Bf4 Ne5 27. Re1 Rbb2 28. Bf1 Ra2 29. Rb1 Rcb2 30. Rxb2 Rxb2 31. Ra4 Rb1 32. Ra8+ Kh7 33. Ra7 c4 34. Rc7 Rb4 35. e3 g5 36. hxg5 hxg5 37. Bxe5 Bxe5 38. Bxc4 Kg6 39. Bd3+ Kf6 40. Be2 g4 41. Rc4 Rxc4 42. Bxc4 Kg5 43. Bd3 Bc3 44. Kf1 Bb4 45. Ke2 Bc3 46. Bb5 Bb4 47. Bd7 Bc3 48. Bc8 Bb4 49. Bd7 Bc3 50. Be8 f6 51. Bd7 Bb4 52. Be6 Bc3 53. Bd7 Bb4 54. Kd3 Be1 55. Ke2 Bb4 56. e4 Bc5 57. Be6 Bd4 58. Bf5 Bc5 59. Kf1 Bd4 60. Kg2 Bc5 61. Be6 Bd4 62. Bd7 Bc5 63. Bc8 Bd4 64. Bb7 Bc5 65. Ba6 Bd4 66. Bb5 Bc5 67. Bc4 Bd4 68. Bd3 Bc5 69. Be2 Bd4 70. f3 gxf3+ 71. Kxf3 Be5 72. g4 Bd4 73. Bd1 Bc5 74. Ba4 Bd4 75. Bd7 Bc5 76. Be6 Bd4 77. Bf5 Bc5 78. Ke2 Bd4 79. Kd3 Be5 80. Kc4 Bf4 81. Kb5 Be5 82. Kc6 Bf4 83. Kd7 Be5 84. Ke6 Bf4 85. Kf7 Be5 86. Ke7 Bf4 87. Ke6 Be5 1/2-1/2

[Event "FISU World University-ch 2020"]
[Site "Online"]
[Date "2020.10.26"]
[Round "3.26"]
[White "Palacio, Enzo"]
[Black "Aguirre Adaros, Joaquin"]
[Result "0-1"]
[WhiteElo "1896"]
[BlackElo "1885"]
[Annotator "NA RC"]
[PlyCount "134"]
[EventDate "2020.10.26"]
[SourceTitle "playchess.com"]
[Source "ChessBase"]
[SourceQuality "1"]

1. e4 c5 2. Nf3 e6 3. d4 cxd4 4. Nxd4 a6 5. Bd3 Bc5 6. Nb3 Be7 7. Nc3 d6 8. Qe2 Nd7 9. Be3 Ngf6 10. O-O Qc7 11. Kh1 b5 12. a4 b4 13. Na2 d5 14. exd5 Nxd5 15. Bd2 Bb7 16. c3 bxc3 17. Nxc3 Nf4 18. Bxf4 Qxf4 19. Be4 Bxe4 20. Qxe4 Qxe4 21. Nxe4 Rb8 22. Ned2 O-O 23. Rac1 Rfc8 24. g3 Bf6 25. Rxc8+ Rxc8 26. Rb1 Rc2 27. Ne4 h5 28. Nxf6+ Nxf6 29. f3 Nd5 30. Nd4 Rc4 31. Nb3 Rxa4 32. Nc5 Ra2 33. b4 Kh7 34. Rb3 Kg6 35. b5 axb5 36. Rxb5 h4 37. Rb3 h3 38. Kg1 Ra1+ 39. Kf2 Rh1 40. g4 Rxh2+ 41. Kg3 Rh1 42. Ne4 e5 43. Nf2 Rg1+ 44. Kxh3 Nf4+ 45. Kh4 Kh6 46. Rb6+ f6 47. g5+ Rxg5 48. Ng4+ Kg6 49. Ra6 Rh5+ 50. Kg3 Rh3+ 51. Kf2 Kh7 52. Ra7 Kg6 53. Ra5 Rh1 54. Ra6 Kf5 55. Ne3+ Kg5 56. Ra7 g6 57. Ng4 Rb1 58. Ra6 Rb2+ 59. Kf1 Nh5 60. Ra4 Rc2 61. Kg1 Nf4 62. Ra6 Kh4 63. Nxf6 Kg3 64. Ra1 Rg2+ 65. Kf1 Rf2+ 66. Kg1 Nh3+ 67. Kh1 Rh2# 0-1

[Event "FISU World University-ch 2020"]
[Site "Online"]
[Date "2020.10.26"]
[Round "3.26"]
[White "Alarcon Jorquera, Kevin"]
[Black "Lanaro, Emilio"]
[Result "1-0"]
[WhiteElo "1759"]
[BlackElo "1657"]
[Annotator "NA"]
[PlyCount "75"]
[EventDate "2020.10.26"]
[SourceTitle "playchess.com"]
[Source "ChessBase"]
[SourceQuality "1"]

1. e4 c5 2. Nf3 d6 3. Bb5+ Bd7 4. Bxd7+ Qxd7 5. O-O Nc6 6. c3 Nf6 7. Re1 e6 8. d4 cxd4 9. cxd4 Be7 10. Nc3 O-O 11. Qa4 a6 12. d5 Ne5 13. Nxe5 dxe5 14. Qxd7 Nxd7 15. dxe6 fxe6 16. Be3 Nc5 17. Rad1 Rad8 18. f3 b5 19. Rxd8 Rxd8 20. Rd1 Nd3 21. b3 Kf7 22. Kf1 Ke8 23. g3 Bb4 24. Ke2 Nb2 25. Rxd8+ Kxd8 26. Nb1 a5 27. Bc1 Nc4 28. bxc4 bxc4 29. Bd2 Bc5 30. Bxa5+ Ke7 31. a4 g5 32. Nd2 Bg1 33. h3 Bh2 34. g4 Kd6 35. Nxc4+ Kc5 36. Nb2 Bg1 37. Nd3+ Kd6 38. Bd8 1-0

[Event "FISU World University-ch 2020"]
[Site "Online"]
[Date "2020.10.26"]
[Round "3.26"]
[White "Perez, Cecilia Manuela"]
[Black "Leon Badillo, Antonia"]
[Result "0-1"]
[WhiteElo "1588"]
[BlackElo "1320"]
[Annotator "NA"]
[PlyCount "82"]
[EventDate "2020.10.26"]
[SourceTitle "playchess.com"]
[Source "ChessBase"]
[SourceQuality "1"]

1. Nf3 d5 2. g3 Bf5 3. Bg2 e6 4. O-O Nf6 5. d3 Bd6 6. Nbd2 O-O 7. Re1 Bg6 8. e4 dxe4 9. Nxe4 Nxe4 10. dxe4 Nc6 11. b3 Qe7 12. Nd4 Be5 13. Nxc6 bxc6 14. Rb1 Rad8 15. Qe2 Bc3 16. Rd1 Rxd1+ 17. Qxd1 Rd8 18. Qf3 Qc5 19. Be3 Qa5 20. Rd1 Rxd1+ 21. Qxd1 h6 22. a4 c5 23. Qd7 Bd4 24. Bxd4 Qe1+ 25. Bf1 Qd1 26. Qb5 cxd4 27. Qc4 Bxe4 28. Qe2 Qxc2 29. Qxc2 Bxc2 30. Bc4 d3 31. Bxd3 Bxd3 32. b4 Kf8 33. f4 Ke7 34. Kf2 Kd6 35. Ke3 Bc2 36. a5 Ba4 37. Kd4 Bb5 38. h3 f6 39. g4 e5+ 40. fxe5+ fxe5+ 41. Kc3 Kd5 0-1

[Event "FISU World University-ch 2020"]
[Site "Online"]
[Date "2020.10.26"]
[Round "3.27"]
[White "Donoso Diaz, Sebastian"]
[Black "Ono, David"]
[Result "1-0"]
[WhiteElo "2192"]
[BlackElo "2096"]
[Annotator "NA"]
[PlyCount "83"]
[EventDate "2020.10.26"]
[SourceTitle "playchess.com"]
[Source "ChessBase"]
[SourceQuality "1"]

1. Nf3 Nf6 2. c4 c6 3. Nc3 d5 4. e3 e6 5. b3 Bd6 6. Bb2 Nbd7 7. Qc2 b6 8. cxd5 exd5 9. Nd4 Nb8 10. Nf5 O-O 11. g4 Re8 12. Nxd6 Qxd6 13. g5 Ng4 14. d4 h6 15. O-O-O hxg5 16. h4 Qh6 17. Bd3 gxh4 18. Rdg1 g6 19. Kb1 Be6 20. e4 Nd7 21. f3 Ngf6 22. e5 Kg7 23. Bc1 Qh5 24. Rg5 Qxf3 25. Bxg6 Kf8 26. Rxh4 Ke7 27. exf6+ Nxf6 28. Rf4 Qh1 29. Bxf7 Bxf7 30. Re5+ Be6 31. Qf5 Kd7 32. Qxf6 Re7 33. Rh4 Qg2 34. Rh6 Rae8 35. Rg6 Qh3 36. Kb2 b5 37. Ne2 Qh2 38. Rg7 Rxg7 39. Qxg7+ Re7 40. Qf6 Qh3 41. Bg5 Rf7 42. Qd8# 1-0

[Event "FISU World University-ch 2020"]
[Site "Online"]
[Date "2020.10.26"]
[Round "3.27"]
[White "Flores, Fernando"]
[Black "Bernal Navarrete, Marcelo"]
[Result "1/2-1/2"]
[WhiteElo "1943"]
[BlackElo "1851"]
[Annotator "NA"]
[PlyCount "79"]
[EventDate "2020.10.26"]
[SourceTitle "playchess.com"]
[Source "ChessBase"]
[SourceQuality "1"]

1. Nf3 Nf6 2. g3 g6 3. Bg2 Bg7 4. O-O O-O 5. d3 d6 6. e4 e5 7. Nc3 c6 8. h3 a5 9. Nh2 Ne8 10. f4 f5 11. Kh1 Be6 12. Qe2 Nd7 13. Nf3 fxe4 14. dxe4 b5 15. Rd1 h6 16. fxe5 dxe5 17. b3 Qe7 18. Be3 g5 19. g4 Rf7 20. Rf1 Nf8 21. Rad1 Ng6 22. a4 b4 23. Nb1 Qc7 24. Nbd2 Nd6 25. Nh2 Raf8 26. Rxf7 Rxf7 27. Ndf1 c5 28. Ng3 Nf4 29. Bxf4 exf4 30. Nf5 Bxf5 31. exf5 Re7 32. Qd3 Bd4 33. Bd5+ Kg7 34. Be6 Qc6+ 35. Qf3 Ne4 36. Kg2 Rc7 37. Nf1 Nc3 38. Qxc6 Rxc6 39. Re1 Kf6 40. Bc4 1/2-1/2

[Event "FISU World University-ch 2020"]
[Site "Online"]
[Date "2020.10.26"]
[Round "3.27"]
[White "Villa Gonzalez, Nicolas Alexis"]
[Black "Anaya Lopez, Gonzalo Javier"]
[Result "0-1"]
[WhiteElo "1724"]
[BlackElo "1984"]
[Annotator "NA"]
[PlyCount "58"]
[EventDate "2020.10.26"]
[SourceTitle "playchess.com"]
[Source "ChessBase"]
[SourceQuality "1"]

1. d4 Nf6 2. c4 e6 3. Nc3 Bb4 4. Qc2 b6 5. Bg5 Bb7 6. a3 Bxc3+ 7. Qxc3 h6 8. Bh4 d6 9. Nf3 Nbd7 10. e3 g5 11. Bg3 Ne4 12. Qc2 f5 13. Bd3 Qe7 14. b4 h5 15. h3 Nxg3 16. fxg3 a5 17. O-O g4 18. Nh4 Rg8 19. e4 gxh3 20. exf5 Rxg3 21. f6 Nxf6 22. Kh2 hxg2 23. Kxg3 gxf1=Q 24. Rxf1 O-O-O 25. bxa5 Rg8+ 26. Kf2 Ng4+ 27. Ke2 Qxh4 28. axb6 Qh2+ 29. Ke1 Qg3+ 0-1

[Event "FISU World University-ch 2020"]
[Site "Online"]
[Date "2020.10.26"]
[Round "3.28"]
[White "Olarte Parra, Jhoan Sebastian"]
[Black "Sharshembiev, Adil"]
[Result "0-1"]
[WhiteElo "1999"]
[BlackElo "1845"]
[Annotator "NA"]
[PlyCount "90"]
[EventDate "2020.10.26"]
[SourceTitle "playchess.com"]
[Source "ChessBase"]
[SourceQuality "1"]

1. f4 e5 2. fxe5 d6 3. exd6 Bxd6 4. Nf3 g5 5. d4 g4 6. Ng5 Qe7 7. Nc3 Bf5 8. e4 h6 9. Qe2 Bg6 10. e5 Bb4 11. Nge4 Nc6 12. Qxg4 Nxd4 13. Nf6+ Nxf6 14. Qxd4 Rd8 15. Qe3 Nd5 16. Qg3 Rg8 17. Bxh6 Bh7 18. Bg7 f5 19. O-O-O Bxc3 20. Bf6 Nxf6 21. Bb5+ c6 22. exf6 Rxd1+ 23. Rxd1 Rxg3 24. fxe7 Rg7 25. bxc3 cxb5 26. Rd8+ Kxe7 27. Rb8 Ke6 28. g3 Bg8 29. Re8+ Kd6 30. Kb2 Bd5 31. Re3 Rh7 32. h4 Be4 33. Kb3 Kc5 34. a3 Rg7 35. a4 bxa4+ 36. Kxa4 Bxc2+ 37. Ka3 Be4 38. Kb2 Kc4 39. h5 Rg5 40. h6 Rh5 41. g4 Rh2+ 42. Kc1 Rxh6 43. gxf5 Bxf5 44. Kb2 Rh2+ 45. Ka3 Bb1 0-1

[Event "FISU World University-ch 2020"]
[Site "Online"]
[Date "2020.10.26"]
[Round "3.28"]
[White "Hernandez Banquett, Bryan Steven"]
[Black "Isakzhanov, Aibek"]
[Result "1-0"]
[WhiteElo "1971"]
[BlackElo "1801"]
[Annotator "NA"]
[PlyCount "87"]
[EventDate "2020.10.26"]
[SourceTitle "playchess.com"]
[Source "ChessBase"]
[SourceQuality "1"]

1. e4 c5 2. Nf3 d6 3. Nc3 Nf6 4. h3 g6 5. g3 Bg7 6. Bg2 Nc6 7. O-O O-O 8. d3 e6 9. Be3 Qe7 10. Qd2 d5 11. Bh6 dxe4 12. dxe4 Rd8 13. Qf4 e5 14. Qh4 Nd4 15. Bxg7 Kxg7 16. Rad1 b6 17. Nxd4 cxd4 18. Ne2 Ba6 19. Rfe1 Qc5 20. Rd2 Qb4 21. Red1 Bxe2 22. Rxe2 Qxb2 23. f4 Qb5 24. Rf2 Rac8 25. Rdf1 Rd6 26. Qg5 Rc5 27. a4 Qa5 28. Qh4 Rc4 29. f5 Rcc6 30. fxg6 fxg6 31. g4 h6 32. g5 hxg5 33. Qxg5 Qxa4 34. Qxe5 Re6 35. Qg5 Rc5 36. Qh4 g5 37. Qg3 Kg6 38. h4 g4 39. Rf5 Qa5 40. Qf4 Rcc6 41. e5 Nd5 42. Qg5+ Kh7 43. Rf7+ Kh8 44. Qg7# 1-0

[Event "FISU World University-ch 2020"]
[Site "Online"]
[Date "2020.10.26"]
[Round "3.28"]
[White "Abylkasymov, Kairatbek"]
[Black "Toro Castaneda, Elizabeth"]
[Result "0-1"]
[WhiteElo "1827"]
[BlackElo "1989"]
[Annotator "NA"]
[PlyCount "112"]
[EventDate "2020.10.26"]
[SourceTitle "playchess.com"]
[Source "ChessBase"]
[SourceQuality "1"]

1. e4 c5 2. c3 d5 3. exd5 Qxd5 4. d4 cxd4 5. cxd4 Nc6 6. Nf3 e5 7. Nc3 Bb4 8. Be3 e4 9. Nd2 Bxc3 10. bxc3 Nf6 11. Bc4 Qa5 12. Qc2 O-O 13. O-O Bf5 14. Rab1 Qc7 15. h3 Bg6 16. Be2 Rad8 17. Nb3 b6 18. Qd2 Nd5 19. c4 Nxe3 20. fxe3 Qg3 21. Rf4 h5 22. Qe1 Qxe3+ 23. Qf2 Qxf2+ 24. Kxf2 e3+ 25. Kxe3 Bxb1 26. d5 Rfe8+ 27. Kf2 Ne5 28. Nc1 g6 29. a3 Kg7 30. Nb3 Nd3+ 31. Bxd3 Bxd3 32. Nd4 Bxc4 33. Nc6 Bxd5 34. Nxd8 Rxd8 35. Rd4 Rd7 36. g3 Be6 37. Ra4 Bxh3 38. Kf3 Bg4+ 39. Kf4 Kf6 40. Rb4 Re7 41. Rb5 g5+ 42. Rxg5 Re4+ 43. Kxe4 Kxg5 44. Ke5 Be2 45. Kd6 Kg4 46. Kc7 Kxg3 47. Kb8 h4 48. Kxa7 b5 49. Kb6 h3 50. Kc5 h2 51. a4 h1=Q 52. axb5 Bxb5 53. Kd6 Qc1 54. Ke5 Qc6 55. Kf5 Ba4 56. Kg5 Qg6# 0-1

[Event "FISU World University-ch 2020"]
[Site "Online"]
[Date "2020.10.26"]
[Round "3.28"]
[White "Usupbekova, Zarina"]
[Black "Gomez Guardo, Laura Meli"]
[Result "0-1"]
[WhiteElo "1573"]
[BlackElo "1875"]
[Annotator "NA RC"]
[PlyCount "106"]
[EventDate "2020.10.26"]
[SourceTitle "playchess.com"]
[Source "ChessBase"]
[SourceQuality "1"]

1. e4 c5 2. f4 d6 3. Nf3 Nc6 4. Bb5 Bd7 5. d3 a6 6. Bxc6 Bxc6 7. O-O e6 8. Qe2 Qc7 9. Nbd2 Be7 10. a3 h6 11. e5 g5 12. exd6 Bxd6 13. Ne5 Bxe5 14. fxe5 O-O-O 15. Nc4 Rf8 16. Be3 b6 17. b4 Ne7 18. bxc5 b5 19. Nd6+ Kb8 20. Nxf7 Nf5 21. Nxh8 Rxh8 22. c4 Rg8 23. cxb5 axb5 24. a4 bxa4 25. Rfb1+ Kc8 26. Bf2 h5 27. Qxh5 Qxe5 28. Re1 Qd5 29. Qg4 Kd7 30. d4 Nh6 31. Qg3 Nf5 32. Qf3 Qc4 33. Qh5 Qd5 34. Qf7+ Ne7 35. Qf3 Qc4 36. Qg3 Nf5 37. Qe5 g4 38. Rac1 Qd5 39. Qxd5+ Bxd5 40. Ra1 Ra8 41. Reb1 a3 42. Rb6 a2 43. h4 gxh3 44. gxh3 Rg8+ 45. Kf1 Rh8 46. h4 Nxh4 47. Rd6+ Ke7 48. Re1 Bc4+ 49. Kg1 Nf3+ 50. Kg2 Nxe1+ 51. Bxe1 a1=Q 52. Bg3 Qa2+ 53. Kf3 Rf8+ 0-1

[Event "FISU World University-ch 2020"]
[Site "Online"]
[Date "2020.10.26"]
[Round "3.29"]
[White "Ruperez Benito, Antonio"]
[Black "Palu, Andres"]
[Result "1-0"]
[WhiteElo "2363"]
[BlackElo "2068"]
[Annotator "TA"]
[PlyCount "109"]
[EventDate "2020.10.26"]
[SourceTitle "playchess.com"]
[Source "ChessBase"]
[SourceQuality "1"]

1. e4 c5 2. Nf3 g6 3. d4 cxd4 4. Qxd4 Nf6 5. Nc3 Nc6 6. Qa4 d6 7. e5 dxe5 8. Nxe5 Bd7 9. Nxd7 Qxd7 10. Be3 Bg7 11. Rd1 Qc8 12. Be2 O-O 13. O-O a6 14. Qh4 Qf5 15. Rd2 Rad8 16. Bd3 Qa5 17. a3 Ne5 18. Be2 Rxd2 19. Bxd2 Rd8 20. Rd1 Qb6 21. Be3 Rxd1+ 22. Nxd1 Qc7 23. c4 h5 24. h3 Qc6 25. Nc3 Qe6 26. Qd4 Kh7 27. Qb6 Qc8 28. Qc5 Nc6 29. Bd3 Qd7 30. Bc2 e6 31. b4 Qd8 32. Na4 Nd7 33. Qxh5+ Kg8 34. Qd1 Qc8 35. Nb6 Nxb6 36. Bxb6 Ne5 37. c5 Qc6 38. Qd8+ Kh7 39. Qh4+ Kg8 40. Be4 Qa4 41. Qd8+ Kh7 42. Bxb7 Qxa3 43. Qh4+ Kg8 44. Bc7 Nd3 45. c6 Nxb4 46. Bf4 Nd5 47. c7 Qa1+ 48. Kh2 Nxc7 49. Qd8+ Kh7 50. Qxc7 Qd4 51. Qxf7 Qxf2 52. Be4 Qd4 53. Qxg6+ Kg8 54. Qxe6+ Kh8 55. Qe8+ 1-0

[Event "FISU World University-ch 2020"]
[Site "Online"]
[Date "2020.10.26"]
[Round "3.29"]
[White "Gomez Marti, Fernando"]
[Black "Gianuzzi, Emanuel"]
[Result "0-1"]
[WhiteElo "1540"]
[BlackElo "1442"]
[Annotator "NA"]
[PlyCount "40"]
[EventDate "2020.10.26"]
[SourceTitle "playchess.com"]
[Source "ChessBase"]
[SourceQuality "1"]

1. e4 d5 2. exd5 Nf6 3. Nf3 e6 4. dxe6 Bxe6 5. Be2 c5 6. O-O Nc6 7. Nc3 h6 8. Re1 Be7 9. Bb5 Qb6 10. Ne5 O-O 11. Bxc6 bxc6 12. Ng6 fxg6 13. Rxe6 Rae8 14. Qe2 Qb4 15. Rxe7 Rxe7 16. a3 Rxe2 17. Nxe2 Qe4 18. Ng3 Qe1+ 19. Nf1 Ng4 20. f3 Qf2+ 0-1

[Event "FISU World University-ch 2020"]
[Site "Online"]
[Date "2020.10.26"]
[Round "3.30"]
[White "Orozco, Omar"]
[Black "Salas Estrada, Ana Maria"]
[Result "1-0"]
[WhiteElo "1673"]
[BlackElo "1270"]
[Annotator "NA"]
[PlyCount "49"]
[EventDate "2020.10.26"]
[SourceTitle "playchess.com"]
[Source "ChessBase"]
[SourceQuality "1"]

1. d4 c5 2. Nf3 Nf6 3. c4 b5 4. Nc3 bxc4 5. e4 cxd4 6. Nxd4 d6 7. Bxc4 g6 8. O-O Bg7 9. Re1 O-O 10. h3 Ba6 11. Bb3 Qd7 12. Bg5 Bb7 13. Rc1 Nc6 14. Nxc6 Bxc6 15. e5 Ne8 16. e6 Qb7 17. exf7+ Rxf7 18. Bxf7+ Kxf7 19. Rxe7+ Qxe7 20. Bxe7 Kxe7 21. Nd5+ Kd7 22. Qg4+ Kd8 23. Rxc6 Rb8 24. Qe6 Be5 25. Qe7# 1-0

[Event "FISU World University-ch 2020"]
[Site "Online"]
[Date "2020.10.26"]
[Round "3.30"]
[White "Tapia Alvarez, Alejandro"]
[Black "Moreno Bermudez, Jhon Jairo"]
[Result "0-1"]
[WhiteElo "1450"]
[BlackElo "1839"]
[Annotator "NA"]
[PlyCount "94"]
[EventDate "2020.10.26"]
[SourceTitle "playchess.com"]
[Source "ChessBase"]
[SourceQuality "1"]

1. Nf3 Nf6 2. g3 d5 3. Bg2 Bf5 4. O-O c6 5. d3 h6 6. Nbd2 Bh7 7. b3 e6 8. Bb2 Nbd7 9. Re1 Be7 10. e4 O-O 11. a4 a5 12. Qe2 Re8 13. Rac1 Nc5 14. e5 Nfd7 15. d4 Ne4 16. Nxe4 Bxe4 17. Nd2 Bxg2 18. Kxg2 Rb8 19. Rb1 b5 20. axb5 cxb5 21. Bc1 Bb4 22. Rd1 Qc7 23. Nf3 Rec8 24. Rb2 a4 25. Bd2 Bxd2 26. Qxd2 a3 27. Ra2 b4 28. Ne1 f6 29. exf6 Nxf6 30. Nd3 Ne4 31. Qe1 Qb6 32. Rc1 Qxd4 33. Qe3 Qxe3 34. fxe3 Nc5 35. Nxc5 Rxc5 36. Kf3 Rc3 37. Ke2 Rbc8 38. Kd2 e5 39. Rf1 d4 40. exd4 exd4 41. Rf4 d3 42. cxd3 Rxb3 43. d4 g5 44. Rf1 Rd8 45. Kc2 Rc3+ 46. Kb1 Rxd4 47. Rf6 Rd1# 0-1

[Event "FISU World University-ch 2020"]
[Site "Online"]
[Date "2020.10.26"]
[Round "3.30"]
[White "Castro Richard, Ixel"]
[Black "Loaiza, Yurani"]
[Result "0-1"]
[WhiteElo "1216"]
[BlackElo "1942"]
[Annotator "NA"]
[PlyCount "108"]
[EventDate "2020.10.26"]
[SourceTitle "playchess.com"]
[Source "ChessBase"]
[SourceQuality "1"]

1. d4 d5 2. c4 e6 3. Nf3 Nf6 4. Bg5 c6 5. e3 Nbd7 6. Nc3 Qa5 7. Nd2 Bb4 8. Qc2 O-O 9. h4 Re8 10. Nb3 Qc7 11. Bd3 dxc4 12. Bxc4 e5 13. O-O-O exd4 14. Nxd4 Qe5 15. Qb3 Qe7 16. Bxf7+ Qxf7 17. Qxb4 Nb6 18. Nc2 Nfd5 19. Nxd5 Nxd5 20. Qd2 h6 21. Bf4 Nxf4 22. exf4 Qxa2 23. Rhe1 Bf5 24. Qc3 Qa4 25. b3 Qxf4+ 26. Kb2 Qxf2 27. Rxe8+ Rxe8 28. Rd2 Qxh4 29. Qc4+ Qxc4 30. bxc4 Bxc2 31. Kxc2 Kf7 32. Rd7+ Re7 33. Rd2 g5 34. Rf2+ Kg6 35. Kc3 Rd7 36. Re2 Kf5 37. Re3 h5 38. Rf3+ Kg4 39. Re3 h4 40. Rf3 Kh5 41. Rf5 Kg6 42. Rf3 g4 43. Re3 Kg5 44. Re4 h3 45. gxh3 gxh3 46. Re2 Kg4 47. Ra2 a6 48. Re2 Kg3 49. Re6 Rh7 50. Rg6+ Kf4 51. Rf6+ Kg5 52. Rf2 h2 53. Rg2+ Kf4 54. Rf2+ Kg3 0-1

[Event "FISU World University-ch 2020"]
[Site "Online"]
[Date "2020.10.26"]
[Round "3.33"]
[White "Krzysztynska, Anna"]
[Black "Muhseen Abdullah Mohammed"]
[Result "1-0"]
[WhiteElo "1888"]
[BlackElo "2200"]
[Annotator "NA"]
[PlyCount "75"]
[EventDate "2020.10.26"]
[SourceTitle "playchess.com"]
[Source "ChessBase"]
[SourceQuality "1"]

1. e4 e6 2. d4 d5 3. e5 c5 4. c3 Nc6 5. Nf3 Qb6 6. a3 cxd4 7. cxd4 Nge7 8. b4 Ng6 9. Bd3 Bd7 10. Be3 Be7 11. O-O O-O 12. Nc3 Rac8 13. Rc1 a6 14. Ne2 Na7 15. Qd2 Ba4 16. h3 Nb5 17. Nc3 Nxc3 18. Rxc3 Bb5 19. Rfc1 Rxc3 20. Rxc3 Bxd3 21. Qxd3 Qd8 22. Nd2 Bg5 23. Nb3 Bxe3 24. Qxe3 Ne7 25. Nc5 Nc6 26. Nxb7 Qb6 27. Nc5 Ra8 28. Nb3 a5 29. Qc1 Ne7 30. Rc7 Kf8 31. Nc5 Ke8 32. Rb7 Qd8 33. b5 Nf5 34. Qc3 Qh4 35. Na6 Kf8 36. Qc5+ Kg8 37. Qc7 Qxd4 38. Rb8+ 1-0

[Event "FISU World University-ch 2020"]
[Site "Online"]
[Date "2020.10.26"]
[Round "3.34"]
[White "Acosta, Pablo Ismael"]
[Black "Gamage, Chathulanka"]
[Result "0-1"]
[WhiteElo "2465"]
[BlackElo "1895"]
[Annotator "ChessBase"]
[PlyCount "92"]
[EventDate "2020.10.26"]
[SourceTitle "playchess.com"]
[Source "ChessBase"]
[SourceQuality "1"]

1. d4 Nf6 2. c4 g6 3. Nc3 Bg7 4. e4 d6 5. h3 O-O 6. Be3 e5 7. d5 Na6 8. Nf3 Nh5 9. Nd2 Qe8 10. g3 f5 11. exf5 gxf5 12. Be2 Nf6 13. Qb3 Nd7 14. Nf3 Ndc5 15. Qa3 f4 16. gxf4 exf4 17. Bd4 Bxd4 18. Nxd4 f3 19. Nxf3 Rxf3 20. O-O-O Rf6 21. Rhg1+ Kh8 22. Rde1 Qe5 23. b4 Qf4+ 24. Kb2 Ne4 25. Nxe4 Qxe4 26. Bd3 Qd4+ 27. Qc3 Qxc3+ 28. Kxc3 Bf5 29. Re7 Bxd3 30. Kxd3 Rf3+ 31. Ke2 Rxh3 32. b5 Nc5 33. Rxc7 Re8+ 34. Kf1 Nd3 35. Rg4 Rh2 36. Kg1 Rxf2 37. Kh1 Re1+ 38. Rg1 Rxg1+ 39. Kxg1 Rxa2 40. Rxb7 Nc5 41. Rb8+ Kg7 42. b6 axb6 43. Rxb6 Ne4 44. Rb7+ Kg6 45. Re7 Ng5 46. Rd7 Nf7 0-1

[Event "FISU World University-ch 2020"]
[Site "Online"]
[Date "2020.10.26"]
[Round "3.34"]
[White "Doluweera, Dinul Thisura"]
[Black "Pineiro, Dario"]
[Result "0-1"]
[WhiteElo "1863"]
[BlackElo "2190"]
[Annotator "NA"]
[PlyCount "68"]
[EventDate "2020.10.26"]
[SourceTitle "playchess.com"]
[Source "ChessBase"]
[SourceQuality "1"]

1. d4 f5 2. Bg5 h6 3. Bh4 g5 4. e4 Bg7 5. Nc3 gxh4 6. Qh5+ Kf8 7. Nf3 Nf6 8. Qxf5 d5 9. Qf4 dxe4 10. Nxe4 Nc6 11. O-O-O Qd5 12. Bd3 Nb4 13. Nc3 Nxa2+ 14. Nxa2 Qxa2 15. Qxc7 Qa1+ 16. Kd2 Qxb2 17. Qd8+ Ne8 18. Rb1 Qa3 19. Bb5 Kf7 20. Bc4+ e6 21. Bxe6+ Bxe6 22. Rxb7+ Kg6 23. Nxh4+ Kh7 24. Qxa8 Qa5+ 25. Kc1 Qa1+ 26. Rb1 Qxd4 27. Nf3 Qf4+ 28. Kd1 Nf6 29. Qxa7 Rd8+ 30. Ke1 Bc4 31. Qb7 Rd7 32. Qc6 Re7+ 33. Kd1 Be2+ 34. Ke1 Bxf3+ 0-1

[Event "FISU World University-ch 2020"]
[Site "Online"]
[Date "2020.10.26"]
[Round "3.34"]
[White "Ramirez, Melanie"]
[Black "Chandula, E D S"]
[Result "1/2-1/2"]
[WhiteElo "1522"]
[BlackElo "1661"]
[Annotator "NA RC"]
[PlyCount "99"]
[EventDate "2020.10.26"]
[SourceTitle "playchess.com"]
[Source "ChessBase"]
[SourceQuality "1"]

1. d4 e6 2. Bf4 f5 3. Nf3 Nf6 4. e3 Be7 5. h3 O-O 6. Be2 d6 7. O-O Nc6 8. c4 Qe8 9. Nc3 b6 10. d5 e5 11. Bh2 Nb8 12. Ng5 Bd8 13. f4 e4 14. h4 h6 15. Nh3 Na6 16. Nf2 Qg6 17. Kh1 Nc5 18. Rg1 a5 19. g4 fxg4 20. Nxg4 Nxg4 21. Bxg4 Bxg4 22. Rxg4 Qf5 23. Qg1 Bf6 24. Qg2 Kf7 25. Nb5 Rac8 26. Na7 Ra8 27. Nc6 Rg8 28. Rg1 Nd3 29. b3 a4 30. Nd4 Bxd4 31. exd4 g6 32. h5 axb3 33. axb3 Ra3 34. Rxg6 Rxg6 35. Qxg6+ Qxg6 36. Rxg6 Rxb3 37. Rxh6 Rb2 38. Rh7+ Kf6 39. Rxc7 Nf2+ 40. Kg1 Nh3+ 41. Kh1 Nf2+ 42. Kg2 Ng4+ 43. Kh3 Nh6 44. Bg3 e3 45. Bh4+ Kf5 46. Re7 e2 47. Kg3 Rc2 48. Kf3 Rxc4 49. Rxe2 Rxd4 50. Bg5 1/2-1/2